000 00941nam a22003257a 4500
001 BR7704930
003 BR-BrBNA
005 20230928085419.0
007 ta
008 230509b bl.||||| |||| 00| 0 por d
040 _aBR-BrBNA
_bpor
_cBiblioteca Nacional de Agricultura
041 _a(Por)
072 _aE15; F00; E70
_b0180
_b/G514
090 _ 0180 BR7704930
110 1 _aFundacao Instituto Paranaense de Desenvolvimento Economico e Social, Curitiba, PR (Brasil)
_94970
245 1 _aAnalise do setor de industrializacao de trigo [Brasil]
260 3 _aCuritiba, PR (Brasil):
_c1977.
300 _a217 p.
500 _a82 tables; 35 ref.
650 _aINDUSTRIA AGRICOLA
650 _aMERCADO
650 _aINDUSTRIALIZACAO
650 _aTRIGO
650 _aMATERIA PRIMA
650 _aCUSTO DE PRODUCAO
650 _aPRATICA CULTURAL
650 _aPARANA
909 _a202309
_bLucia
_c55
_dLucia Elande
942 _cBK
999 _c24298
_d24298